Materials for energy efficiency and thermal comfort in buildings / (Record no. 355272)

000 -LEADER
fixed length control field 01630nam a2200313 a 4500
001 - CONTROL NUMBER
control field ASIN1439829705
003 - CONTROL NUMBER IDENTIFIER
control field Nust- CAS-E0
005 - DATE AND TIME OF LATEST TRANSACTION
control field 20180118181355.0
008 - FIXED-LENGTH DATA ELEMENTS--GENERAL INFORMATION
fixed length control field 140226s2010 xxu eng d
020 ## - INTERNATIONAL STANDARD BOOK NUMBER
International Standard Book Number
Terms of availability $279.95
020 ## - INTERNATIONAL STANDARD BOOK NUMBER
International Standard Book Number 9781439829707
040 ## - CATALOGING SOURCE
Transcribing agency 0
050 04 - LIBRARY OF CONGRESS CALL NUMBER
Classification number TJ163.5.B84
082 04 - DEWEY DECIMAL CLASSIFICATION NUMBER
Classification number 621.199
Author Mark MAT 2010
245 10 - TITLE STATEMENT
Title Materials for energy efficiency and thermal comfort in buildings /
Statement of responsibility, etc. M. Hall.
250 ## - EDITION STATEMENT
Edition statement 1st ed.
260 ## - PUBLICATION, DISTRIBUTION, ETC.
Place of publication, distribution, etc. [S.l.] :
Name of publisher, distributor, etc. CRC Press,
Date of publication, distribution, etc. 2010.
300 ## - PHYSICAL DESCRIPTION
Extent 732 p. ;
Dimensions 24 cm.
490 1# - SERIES STATEMENT
Series statement Woodhead publishing series in energy.
520 ## - SUMMARY, ETC.
Summary, etc. A review of advanced materials and sustainable technologies for applicable for improving the building environment, this book examines fundamental building physics and occupant comfort, from heat and mass transport, hygrothermal behavior, and ventilation, on the thermal comfort and health and safety requirements. It details the development of advanced materials and sustainable technologies and covers modern methods of construction, roofing design and technology, and benchmarking of fa�ades for optimized building thermal performance. The book also covers the use of advanced materials, design, and technologies on a range of existing and new building types.
650 #0 - SUBJECT ADDED ENTRY--TOPICAL TERM
Topical term or geographic name entry element Buildings--Energy conservation
650 #0 - SUBJECT ADDED ENTRY--TOPICAL TERM
Topical term or geographic name entry element Buildings--Energy consumption
650 #0 - SUBJECT ADDED ENTRY--TOPICAL TERM
Topical term or geographic name entry element Buildings--Thermal properties
650 #0 - SUBJECT ADDED ENTRY--TOPICAL TERM
Topical term or geographic name entry element Insulating materials
700 1# - ADDED ENTRY--PERSONAL NAME
Personal name Hall, M.
830 #0 - SERIES ADDED ENTRY--UNIFORM TITLE
Uniform title Woodhead publishing series in energy.
856 40 - ELECTRONIC LOCATION AND ACCESS
Materials specified Amazon.com
Uniform Resource Identifier <a href="http://www.amazon.com/exec/obidos/ASIN/1439829705/chopaconline-20">http://www.amazon.com/exec/obidos/ASIN/1439829705/chopaconline-20</a>
942 ## - ADDED ENTRY ELEMENTS (KOHA)
Source of classification or shelving scheme
Koha item type Book
Holdings
Withdrawn status Lost status Source of classification or shelving scheme Damaged status Not for loan Collection code Permanent Location Current Location Shelving location Date acquired Source of acquisition Total Checkouts Full call number Barcode Date last seen Cost, replacement price Price effective from Koha item type
            US-Pakistan Center for Advanced Studies in Energy (USPCAS-E) US-Pakistan Center for Advanced Studies in Energy (USPCAS-E) General Stacks 04/15/2013 Victoria co   621.199 MAT 2010 CAS-E0000143 02/26/2014 31042.00 02/26/2014 Book
© 2023 Central Library, National University of Sciences and Technology. All Rights Reserved.